Pays par 2 émojis - Statistiques

Statistiques générales
  • Ce quiz a été pris 31 fois
  • Le résultat moyen est 32 sur 45
Statistiques - réponses
Émojis Pays % Correct
🦘🏄 Australie
100%
🍁🏒 Canada
100%
🐉🥢 Chine
100%
💃🐂 Espagne
100%
🥖🍷 France
100%
🍕🍝 Italie
100%
🌵🌮 Mexique
100%
🚲🌷 Pays-Bas
100%
💂‍♂️🫘 Royaume-Uni
100%
🚗🥨 Allemagne
96%
🍟🍺 Belgique
93%
☕⚽ Brésil
93%
⚾🤠 États-Unis
93%
🍣🌸 Japon
93%
🥝🐑 Nouvelle Zélande
93%
🪆❄️ Russie
93%
🧀⌚ Suisse
93%
🏺🐪 Égypte
89%
🏛️🫒 Grèce
85%
☘️🌈 Irlande
85%
🎮🎤 Corée du Sud
78%
🧛🐻 Roumanie
78%
🏉🦓 Afrique du Sud
74%
🕋🌴 Arabie Saoudite
74%
🦙🌽 Pérou
74%
🧜‍♀️🧱 Danemark
67%
🎅🦌 Finlande
67%
🏏🪷 Inde
67%
🏔️🕉️ Népal
67%
🎼⛷️ Autriche
63%
🥊🛕 Thaïlande
59%
🗿🐧 Chili
52%
🛢️✈️ Émirats Arabes Unis
48%
🥩🧉 Argentine
44%
🐘🍫 Côte d'Ivoire
44%
🥙🧿 Turquie
44%
🦁🏃 Kenya
41%
🌋☪️ Indonésie
37%
🐟🚋 Portugal
37%
🏝️🎶 Jamaïque
33%
🚢🏙️ Singapour
33%
🐎⛺ Mongolie
30%
🧋📱 Taïwan
26%
🪑👑 Suède
22%
🌾⭐ Vietnam
11%
Aucun quiz correspondant
Distribution des résultats
% des personnes avec chaque résultat
Percentile par nombre de réponses
Votre historique - résultats
Vous n’avez pas pris ce quiz